Welcome to Marium Abdulla Library

Embrace knowledge with a breath of fresh air.

Browse Collection

Marium Abdulla Library

Towards visibility : exhibiting contemporary drawi (Record no. 12114)

MARC details
000 -LEADER
fixed length control field 00485nam a2200205Ia 4500
001 - CONTROL NUMBER
control field 12991
003 - CONTROL NUMBER IDENTIFIER
control field IVS
005 - DATE AND TIME OF LATEST TRANSACTION
control field 20250626030806.0
008 - FIXED-LENGTH DATA ELEMENTS--GENERAL INFORMATION
fixed length control field 211022s9999 xx 000 0 und d
040 ## - CATALOGING SOURCE
Transcribing agency IVS
082 ## - DEWEY DECIMAL CLASSIFICATION NUMBER
Classification number 701 JUL
Item number 12991
Edition information 23
100 ## - MAIN ENTRY--PERSONAL NAME
Personal name Julliard, Julie Enckell
245 #0 - TITLE STATEMENT
Title Towards visibility : exhibiting contemporary drawi
260 ## - PUBLICATION, DISTRIBUTION, ETC.
Place of publication, distribution, etc. Paris
260 ## - PUBLICATION, DISTRIBUTION, ETC.
Name of publisher, distributor, etc. Roven editions
260 ## - PUBLICATION, DISTRIBUTION, ETC.
Date of publication, distribution, etc. 2015
300 ## - PHYSICAL DESCRIPTION
Extent 160
650 ## - SUBJECT ADDED ENTRY--TOPICAL TERM
Topical term or geographic name entry element Drawing
Form subdivision Art
942 ## - ADDED ENTRY ELEMENTS (KOHA)
Koha item type Reference
Source of classification or shelving scheme Dewey Decimal Classification
Suppress in OPAC No
Holdings
Date last seen Total checkouts Full call number Barcode Price effective from Koha item type Lost status Damaged status Not for loan Collection Withdrawn status Home library Current library Shelving location Date acquired Source of acquisition Cost, normal purchase price
10/26/2021   701 JUL 12991 10/26/2021 Reference       Fine Arts   Marium Abdulla Library Marium Abdulla Library Reference 10/19/2017 Book Network International 8096.00